00651nam a2200217Ia 4500003000900000008004100009040001300050040001300063041000800076100002800084245005300112250001000165260002100175260000900196300000800205490000800213490000800221942000700229999001300236952018400249IT-RoPAU120407s9999 xx 000 0 und d aIT-RoPAU cIT-RoPAU aita aLéon Joseph Suenens  aUn problema cruciale, amore e padronanza di sè aRoma  aEdizioni Paoline c1961 c cm aBcr v115 cBK c298d298 00102ddc406208_23115000000000071aPAULUSbPAULUSd2012-04-11l0o208.23115r2012-04-11 00:00:00w2012-04-11yBKzInserito da: In data: n.d. fondo: Via A.Severo 56 Progr:36025